000 00560nam a2200181Ia 4500
005 20250923144435.0
008 008 250917s9999 xx 000 0 eng d
037 _aTextual
040 _aDSWL
_beng
_cDSWL
041 _aeng
_2eng
084 _aY4921-12.251`N51t4, N52
_qDSWL
100 _aKATHURIA, R.N.
_9824913
245 4 _aThe study of Seventy five juvenile beggars in Delhi
_cby R.N. KATHURIA
260 _bzz
_c1952
300 _a75 p.
942 _cTEXL
_hY4921-12.251`N51t4, N52
999 _c1438914
_d1438914